000
00296nam a22001337a 4500
008
171106b xxu||||| |||| 00| 0 eng d
020
_a
9780538837392
041
_a
eng
080
_a
330.722.6
100
_a
61
101
_a
KON
245
_a
INTERNATIONAL ACCOUNTING
_c
IGBAL
942
_2
udc
_c
BK
999
_c
37854
_d
37854